| 000 | 01314nam a2200349 c 4500 | ||
|---|---|---|---|
| 003 | BLK | ||
| 005 | 20240729112608.0 | ||
| 008 | 180413b bul|||||r ||||||| ||bul|| | ||
| 010 | _aKNG00019637000 | ||
| 020 |
_a954-8340-29 _bиздат.: Камея - (грешен) |
||
| 040 | _aBLK | ||
| 041 |
_aBUL _cBUL |
||
| 080 |
_aАмериканска литература (на САЩ) _b821.111(73) _x-312.9 _z821.111(73)-312.9 |
||
| 100 | 1 |
_aГибсън, Уилям _eпърви автор _9262209 |
|
| 700 | 1 |
_aГачев, Григор _eпрев. от англ. _9258772 |
|
| 139 |
_aГибсън, Уилям _bГ 46 |
||
| 245 | 1 | 0 |
_aНулев брояч _bРоман _cУилям Гибсън; прев. от англ. Григор Гачев. |
| 257 | _aUSA | ||
| 260 |
_аСофия _bКамея _c1997 _fЯмбол : Светлина |
||
| 300 |
_a239 с. _c20 см |
||
| 380 | _aX | ||
| 490 | 1 |
_aБиблиотека Фантастика _v16 |
|
| 500 | _aОриг. загл. Count Zero / William Gibson. - Офс. изд. - 2 200 тир. | ||
| 653 | _aфантастика | ||
| 653 | _aромани | ||
| 852 | _aЦб 193838 | ||
| 856 | 4 |
_qpdf _u |
|
| 856 | 4 |
_qpdf _u |
|
| 942 |
_cKNG _n0 _01 |
||
| 944 |
_aCR _c15.01.2003 _k30552 _lВиолета Тройчева |
||
| 944 |
_aED _c27.07.2006 _k |
||
| 999 |
_c17662 _d17662 |
||